书目信息 |
| 题名: |
多天线系统中的空时码技术
|
|
| 作者: | 王海泉 , 陈颖 , 赵知劲 著 | |
| 分册: | ||
| 出版信息: | 北京 科学出版社 2011.4 |
|
| 页数: | 220页 | |
| 开本: | 24cm | |
| 丛书名: | ||
| 单 册: | ||
| 中图分类: | TN82 | |
| 科图分类: | ||
| 主题词: | 天线--技术 , 天线 | |
| 电子资源: | ||
| ISBN: | 978-7-03-030604-3 | |
| 000 | 01000nam0 2200265 450 | |
| 001 | 0400003031 | |
| 005 | 20171021173408.0 | |
| 010 | @a978-7-03-030604-3@dCNY48.00 | |
| 100 | @a20120219e20172011em y0chiy50 ea | |
| 101 | 0 | @achi |
| 102 | @aCN@b110000 | |
| 105 | @ay z 000yy | |
| 106 | @ar | |
| 200 | 1 | @a多天线系统中的空时码技术@9duo tian xian xi tong zhong de kong shi ma ji shu@f王海泉,陈颖,赵知劲著 |
| 210 | @a北京@c科学出版社@d2011.4@h2017.6 | |
| 215 | @a220页@d24cm | |
| 330 | @a本书首先介绍了多天线系统的容量,空时码的设计准则,空间分集与频分复用之间的最佳平衡点等基本理论;其次介绍了正交与拟正交空时码,对角与完备空时码,酉空时码和差分空时码等多种空时码;最后通过附录给出了主要定理的证明。 | |
| 606 | 0 | @a天线@x技术 |
| 606 | 0 | @a天线 |
| 690 | @aTN82@v4 | |
| 701 | 0 | @a王海泉@9wang hai quan@f(1964~)@4著 |
| 701 | 0 | @a陈颖@9chen ying@c(女,@f1978~)@4著 |
| 701 | 0 | @a赵知劲@9zhao zhi jin@c(女,@f1959.9~)@4著 |
| 801 | 0 | @aCN@b91MARC@c20171021 |
| 905 | @b1021314-8@dTN82@f5@e33 | |
| 多天线系统中的空时码技术/王海泉,陈颖,赵知劲著.-北京:科学出版社,2011.4(2017.6) |
| 220页;24cm |
| ISBN 978-7-03-030604-3:CNY48.00 |
| 本书首先介绍了多天线系统的容量,空时码的设计准则,空间分集与频分复用之间的最佳平衡点等基本理论;其次介绍了正交与拟正交空时码,对角与完备空时码,酉空时码和差分空时码等多种空时码;最后通过附录给出了主要定理的证明。 |
| ● |
| 相关链接 |
|
|
|
|
正题名:多天线系统中的空时码技术
索取号:TN82/33
 
预约/预借
| 序号 | 登录号 | 条形码 | 馆藏地/架位号 | 状态 | 备注 |
| 1 | 1021314 | 210213142 | 第二样本阅览室/ [索取号:TN82/33] | 在馆 | |
| 2 | 1021315 | 210213151 | 密集书库-物理学院/ [索取号:TN82/33] | 在馆 | |
| 3 | 1021316 | 210213160 | 第三借阅区/ [索取号:TN82/33] | 在馆 | |
| 4 | 1021317 | 210213179 | 第三借阅区/ [索取号:TN82/33] | 在馆 | |
| 5 | 1021318 | 210213188 | 密集书库-文学院/ [索取号:TN82/33] | 在馆 |